000 00221nam a22000857a 4500
008 160712b xxu||||| |||| 00| 0 eng d
100 _92688
_a Ginott, H.G
245 _aBetween Patent and Child
260 _aCan
_b Macmillan
_c1965
999 _c2337
_d2337